| 000 | 00668cam a2200145 4500500 | ||
|---|---|---|---|
| 005 | 20260208005827.0 | ||
| 041 | _afre | ||
| 042 | _adc | ||
| 100 | 1 | 0 |
_aDottin-Orsini, Mireille _eauthor |
| 245 | 0 | 0 | _aLAURENCE BROGNIEZ, Préraphaélisme et Symbolisme, peinture littéraire et image poétique, Paris, Champion, 2003, collection « Romantisme et Modernités ». Un vol. 24,5 × 17 de 403 p. |
| 260 | _c2005. | ||
| 500 | _a13 | ||
| 786 | 0 | _nRevue d'histoire littéraire de la France | 105 | 3 | 2005-06-01 | p. 655zl-764zl | 0035-2411 | |
| 856 | 4 | 1 | _uhttps://shs.cairn.info/revue-d-histoire-litteraire-de-la-france-2005-3-page-655zl?lang=fr&redirect-ssocas=7080 |
| 999 |
_c1653971 _d1653971 |
||